| 000 | nam a22 a 4500 | ||
|---|---|---|---|
| 999 |
_c4592 _d4592 |
||
| 005 | 20170601120439.0 | ||
| 008 | 170601s1980 fr ||||| |||| 00| 0 eng d | ||
| 040 | _aAKMAL | ||
| 082 | _a382.92 BUS | ||
| 090 |
_a382.92 _bBUS |
||
| 100 | 1 | 0 |
_aSherman, Saul L. _98846 |
| 245 | 0 | 2 | _aA businessman's guide to the GATT Customs Valuation Code. |
| 260 |
_aParis : _b International Chamber of Commerce, _c1980. |
||
| 300 |
_a135pages _c25 cm |
||
| 700 | 1 |
_aGlashoff, Hinrich. _98847 |
|
| 942 |
_2ddc _cBOOK |
||
| 950 | _lAKMAL | ||